Louis Tomlinson - Sunflowers - All lyrics - Statistics

General Stats
  • This quiz has been taken 25 times
  • The average score is 198 of 236
Answer Stats
Answer % Correct
a
100%
are
100%
hiding?
100%
me
100%
sunflowers
100%
take
100%
the
100%
where
100%
you
100%
I
93%
La-da-da-da-da-da-da
93%
Oh
93%
shining?
93%
all
87%
say
87%
So
87%
and
80%
But
73%
but
73%
can
73%
going
73%
of
73%
to
73%
we’re
73%
always
67%
Don’t
67%
for
67%
in
67%
know
67%
not
67%
see
67%
Something’s
67%
tell
67%
too
67%
up
67%
way
67%
won’t
67%
escape
60%
getting
60%
heaven
60%
Hope
60%
somewhere
60%
there’s
60%
broken
53%
days
53%
Dreaming
53%
I’m
53%
keep
53%
rain
53%
Sick
53%
smoking
53%
through
53%
tired
53%
barely
47%
haze
47%
temporary
47%
driving
40%
enough
40%
No matching quizzes found
Score Distribution
Percent of People with Each Score
Percentile by Number Answered
Your Score History
You have not taken this quiz